|
|
|
|
| LEADER |
00000cam a2200000 i 4500 |
| 001 |
1/28688 |
| 008 |
060504s2003 gr | ||| |||| ||gre|| |
| 020 |
|
|
|a 960343695X
|
| 035 |
|
|
|l 10083716
|
| 040 |
|
|
|a GR-MyUA
|b gre
|e AACR2
|
| 041 |
1 |
|
|a gre
|h sla
|
| 082 |
0 |
|
|a 949.7
|2 (22)
|
| 100 |
0 |
|
|a Paisii,
|c Khilendarski, Hieromonk,
|d 1722-1773.
|
| 245 |
1 |
0 |
|a Σλαβοβουλγαρική ιστορία /
|c Παϊσιος Χιλανδαρινός ; μετάφραση και σχόλια Βαϊτσα Χάνη-Μωυσίδου ; πρόλογος Αθανάσιου Αν. Αγγελοπούλου.
|
| 260 |
|
|
|a Θεσσαλονίκη :
|b Κυριακίδης,
|c 2003.
|
| 300 |
|
|
|a 207 σ. :
|b εικ., χάρτ. ;
|c 21 εκ.
|
| 500 |
|
|
|a Τίτλος πρωτοτύπου: Slavianobulgarska istoriia.
|
| 504 |
|
|
|a Περιέχει βιβλιογραφία και ευρετήριο.
|
| 650 |
0 |
0 |
|a Slavs
|x History.
|
| 651 |
|
0 |
|a Bulgaria
|x History
|y To 1393.
|
| 852 |
|
|
|a INST
|b LESVOS
|e 20060504
|h 949.7 PAI
|p 005100034885
|q 005100034885
|t BK
|y 0
|
| 901 |
|
|
|a BIBL1-2006-2
|
| 909 |
|
|
|a Λ
|b 126456
|
| 920 |
|
|
|a ΕΠΕΑΕΚ ΠΜΣ ΓΥΝΑΙΚΕΣ KAI ΦΥΛΑ
|y Λέσβος
|z 2006-03
|
| 970 |
|
|
|a ΚΑΡΑ
|b ΓΙΑΣΕΜΗ
|z 2006/05/04
|